| 000 | 00365nam a2200133Ia 4500 | ||
|---|---|---|---|
| 008 | 230822s2007 xx 000 0 und d | ||
| 020 | _a1840911328 | ||
| 041 | _aeng | ||
| 082 | _a725.5 | ||
| 100 | _aLAZENBY G. | ||
| 245 | _aTHE HEALTHY HOME HOW TO ENSURE YOUR HOME HAS A POSITIVE INFLUENCE ON YOUR HEALTH | ||
| 260 |
_bCASSELL AND COMPANY _c2007 |
||
| 300 | _a160 | ||
| 999 |
_c857923 _d857923 |
||